000 00360nam a2200145Ia 4500
005 20251222154328.0
008 251222s9999||||xx |||||||||||||| ||spa||
020 _a9789706869093
082 _a574.5/C17
100 _aCalixto Flores, Raúl
245 0 _aEcología y Medio Ambiente
250 _a2da.ed.
264 _bCengage Learming Editores
942 _cLIB
999 _c34042
_d34042